Nagyszombat Ferencz József-tér, Városi torony

Zobrazenie: Pohľad na vežu mierne zľava. V popredí na námestí povozy s koňmi, okoloidúci ľudia.

Bibliographic Details
Format: Photo
Language:Hungarian
PhysicalDescription:1 pohľadnica čiernobiela 14 x 9 cm
Published: [Slovensko?] [vydavateľ neznámy] [1925?]
Subjects:

MARC

LEADER 00000ckm a2200000 a 4500
001 vtls001378059
003 SK-MaSNL
005 20260301011238.0
007 kf bo
008 230706q1925 xo g 0kuhun
015 |a SNBG1925 
035 |a SNK000332019 
035 |a urn:nbn:sk:snk-km3lzrd 
035 |a 4C532B1E-9999-414E-9FF6-F342CFE041E9 
035 |a urn:nbn:sk:snk-km00dni8 
040 |a SNK  |b slo  |c SNK  |e AACR2 
041 0 |a hun 
043 |a e-xo--- 
044 |a xo  |c SK 
072 7 |a 72  |x Architektúra  |2 konspekt 
072 7 |a 71  |x Územné plánovanie. Urbanizmus. Pamiatková starostlivosť  |2 konspekt 
072 7 |a 913  |x Regionálna geografia  |2 konspekt 
080 |a 725/726.012.28  |2 2011 
080 |a 711.61  |2 2011 
080 |a 721  |2 2011 
080 |a 904(084.121)  |2 2011 
080 |a 779  |2 1981 
080 |a 913(437.612)  |2 2011 
245 0 0 |a Nagyszombat  |h grafika  |b Ferencz József-tér, Városi torony 
260 |a [Slovensko?]  |b [vydavateľ neznámy]  |c [1925?] 
300 |a 1 pohľadnica  |b čiernobiela  |c 14 x 9 cm 
500 |a Názvové údaje prevzaté z obrazovej časti pohľadnice 
520 8 |a Zobrazenie: Pohľad na vežu mierne zľava. V popredí na námestí povozy s koňmi, okoloidúci ľudia. 
650 0 7 |a veže  |2 SNKPH  |9 30797 
650 0 7 |a námestia  |2 SNKPH  |9 26291 
650 0 7 |a budovy  |2 SNKPH  |9 1283 
650 0 7 |a Mestská veža (Trnava, Slovensko)  |2 SNKPH  |9 173573 
651 7 |a Trnava (Slovensko)  |2 SNKPHgeo  |9 19407 
655 7 |a pohľadnice kultúrnych pamiatok  |2 SNKPH  |9 70523 
655 7 |a miestne pohľadnice  |2 SNKPH  |9 70510 
852 |a Slovenská národná knižnica 
958 |a GBN 
958 |a GC 
958 |a ONDV 
999 |c 550366  |d 552296 
952 |t P60, <03>, [BOOK], {603}  |a SNK  |b SNK  |y PREZ  |7 0  |p 17A1293082  |o snkSP 148763  |i snkPV 110/99  |z Pohľadnica prešla poštou.  |0 0  |1 0  |4 0  |d 2000-05-25  |f 1  |l 0  |r 2005-01-02 00:00:00  |w 2026-02-23